| 000 | 01623cam a2200241 4500 | ||
|---|---|---|---|
| 001 | ABS62368 | ||
| 008 | 000000n2000 000 0 eng u | ||
| 035 | _a(Sirsi) u106005 | ||
| 245 | _aArab Bank plc v John D Wood Commercial Ltd | ||
| 260 | _c2000 | ||
| 490 |
_aWeekly Law Reports _v[2000] 1 WLR 857-881(24) |
||
| 520 | _aCA 11 November 1999. In 1989 a borrower sought a loan from plaintiff bank A for the acquisition of an industrial estate. A obtained two separate valuations from chartered surveyors J and W in amounts of £22m and £19m and offered the borrower a loan facility of £17.1m. Borrower was required to take out mortgage indemnity guarantee on top of the 20% amount of loan. Borrower defaulted on loan. A sought damages for negligent valuation advice from J and W. J found to be liable and having refused to allow any deduction to be made in respect of the sum recovered under the mortgage indemnity guarantee ordered J to pay damages of £6m. Claim against W dismissed. A appealed. On appeal held that case should be remitted to judge for determination of damages payable by W and for reconsideration of amount of damages payable by J. The insurance money recovered by A should be ignored in assessing the amount of the damages to which it was entitled. | ||
| 590 | _aABS | ||
| 650 | _aARAB BANK PLC V JOHN D WOOD COMMERCIAL LTD | ||
| 650 | _aNEGLIGENT VALUATIONS | ||
| 650 | _aDAMAGES | ||
| 650 | _aMORTGAGE INDEMNITY GUARANTEES | ||
| 650 | _aVALUERS | ||
| 650 | _aNEGLIGENCE | ||
| 650 | _aMEASURE OF DAMAGES | ||
| 690 | _aPROFESSIONAL PRACTICE-NEGLIGENCE-CASE LAW | ||
| 942 | _n0 | ||
| 999 |
_c63485 _d63485 |
||